LEADER 00829cam0-22003011i-450- 001 990006518420403321 005 20110307090941.0 035 $a000651842 035 $aFED01000651842 035 $a(Aleph)000651842FED01 035 $a000651842 100 $a20010426d1968----km-y0itay50------ba 101 0 $aita 102 $aIT 105 $ay-------001yy 200 1 $aCritica della societą competitiva$fBruno Biasutti 210 $aRoma$cBulzoni$d1968 215 $a198 p.$d22 cm 610 0 $aAmbiente sociale e psicologia 676 $a155.92$v19$zita 700 1$aBiasutti,$bBruno$f<1927- >$0161640 801 0$aIT$bUNINA$gREICAT$2UNIMARC 901 $aBK 912 $a990006518420403321 952 $aIX A 115$b9195$fFSPBC 959 $aFSPBC 996 $aCritica della societą competitiva$9620839 997 $aUNINA LEADER 00971nam0-22003371i-450- 001 990000431060403321 005 20001010 010 $a88-7448-848-3 035 $a000043106 035 $aFED01000043106 035 $a(Aleph)000043106FED01 035 $a000043106 100 $a20001010d--------km-y0itay50------ba 101 0 $aita 105 $ay-------001yy 200 1 $aARCHITETTURA Ecosistemica$eequilibrio ambientale nella cittą$fa cura di Manfredi Nicoletti 210 $aRoma$cGangemi$d1998 215 $a303 p.$cill.$d26 cm 300 $aIn testa al front. : coordinamento scienticfico Cettina Gallo e Manfredi Nicoletti 610 0 $aEdilizia Bioclimatica 676 $a620.8 676 1$a693.8 702 1$aGallo,$bCettina 702 1$aNicoletti,$bManfredi$f<1930- > 801 0$aIT$bUNINA$gRICA$2UNIMARC 901 $aBK 912 $a990000431060403321 952 $a08 AE 171$b864$fDINED 959 $aDINED 997 $aUNINA DB $aING01